MDQL
is popping MORE tags! Check the
thread
!
Quizzes
Events
Quiz Creation
Community
Videos
Private Events
Remove Ads
Sign In
Join for FREE
Feedback
Dark Mode
Quiz Categories
Sports
Geography
Music
Movies
Television
Just For Fun
Miscellaneous
History
Literature
Language
Science
Gaming
Entertainment
Religion
Holiday
For Kids
Quiz Lab
Recent
Popular Today
Quiz Kudos Today
Editor Picks
Curator Picks
Quizzes by...
Day
Popularity
Type
Ratings
Length
Year
Community
Subscriptions
Recent Discussions
Orange Saloon
Badges
Playlists
Quests
Create
Leaderboards
Showdown
Live 5
Trivia Bingo
Activity
Puzzle Library
Sporcle Events
Private Events
Virtual Trivia
Globe League
Become a Host
Pub Owners
SporcleCon
Opinionation
Our Games
Videos
Blog
Mobile Apps
Partnerships
Remove Ads and Go Orange
Feedback
History
US Presidents
World Leaders
Politics
Nation
Discovery
War
Decade
Year
Century
Biography
Art
History
US Presidents
World Leaders
Politics
Nation
Discovery
War
Decade
Year
Century
Biography
Art
Random Quiz
Search Sporcle
×
Quiz Lab
Quiz Lab
History
Medieval History
Type in answers that appear in a list
Type in answers that appear in a list
Classic
Best Score? Go Orange.
Dukes of Normandy Stats
Can you name the Dukes of Normandy?
By
AdamBishop
10m
19 Questions
456 Plays
456 Plays
456 Plays
Comments
Comments
Give Quiz Kudos
Give Quiz Kudos
-
- Ratings
hide this ad
Replay
Link that replays current quiz
Next Quiz
Link to next quiz in quiz playlist
You Got
0%
They Got
Avg Score
74%
Avg Friend Score
Upgrade to see
Score Distribution
Jump to the score distribution portion of the page
Score
0/19
Timer
10:00
0
Plays Today
Year
Duke
% Correct
1035-
1087
William II the Conqueror (or the Bastard)
94.5%
927-
942
William I Longsword
93.2%
1106-
1135
Henry I Beauclerc
91%
1150-
1189
Henry II Curtmantle
90.8%
1216-
1259
Henry III
86.4%
942-
996
Richard I the Fearless
84.4%
996-
1027
Richard II the Good
83.3%
1027
Richard III
82.7%
1189-
1199
Richard IV Lionheart
82.5%
1199-
1216
John Lackland
82%
Year
Duke
% Correct
1027-
1035
Robert I the Devil (or the Magnificent)
74.1%
1087-
1106
Robert II Curthose
73.9%
1135-
1144
Stephen of Blois
68%
1332-
1350
John II the Good of France
59%
1465-
1469
Charles, Duke of Berry
57.9%
1355-
1364
Charles V the Wise of France
56.6%
911-
927
Rollo
56.1%
1785-
1789
Louis XVII of France
52%
1144-
1150
Geoffrey the Handsome Plantagenet
47.8%
Quiz Playlist
Details
Report
Send in Message
Add To Playlist
Classic:
Type in answers that appear in a list
Quiz Source
Last Updated: Feb 16, 2017
Quiz Scoreboard
CHALLENGE
Sign Up to Join the Scoreboard
Show All
Scores
Hide
Comments
May contain spoilers
Recently Published
Colored Red Africa Blitz
by spor1
Geography
30s
Find the 'City' Movie
by crazypaving
Movies
60s
5x2 Blitz: Bands
by SL_Kpop136
Music
30s
More to Explore
Quiz From the Vault
Featured Blog Post
14 Easter Pick-up Lines to Find Eggs With
hide this ad
You Might Also Like...
Tags
duke
Dukedom
France
Medieval
Medieval History
Middle Ages
Norman
Norman Conquest
Normandy
Today's Top Quizzes in History
Browse History
hide this ad
Today's Top Quizzes in Medieval History
Browse Medieval History
Top Contributed Quizzes in History
1
Popular People in 1991
2
US National Parks Named After People
3
Popular People in 1951
4
Order Up: 1000 Years of World Events I
5
Popular People in 1941
6
Popular People in 1981
7
Popular People in 1986
8
Popular People in 1921
9
Popular People in 1976
10
Magic 10 Blitz: U.S. Presidents
Explore More
Trending Topics
Harry Potter
Crossword
Kpop
Anime
Disney
Marvel
NBA
Puzzle
Country
Soccer
WWE
NFL
Pokémon
The Office
Song
hide this ad
More By:
AdamBishop
Quiz
Plays
Rating
Category
Featured
Created
Viking Countries
128,676
4.53
History
Oct 13, 2010
Countries Colonized by Ancient Greeks
106,995
4.34
Geography
Oct 8, 2010
Populous French Cities, 1000-2006
96,160
4.60
Geography
Apr 18, 2011
Countries Visited by Captain Cook
80,655
4.69
History
Sep 13, 2010
People Whose Names Are Sentences
69,690
4.00
Language
Jul 8, 2011
Go to Creator's Profile
Score Distribution
Quiz Creator Spotlight
AdamBishop
Follow
Send a Message
Quizzes Created
-
Created Quiz Play Count
-
More By This Creator
Popular Quizzes Today
1
Colored Red Africa Blitz
2
Find the 'City' Movie
3
Find the US States - No Outlines Minefield
4
5x2 Blitz: Bands
5
The Countries of the World
6
Find the US States
7
US States
8
9x9 Crossword: Cartoon Network
More History Quizzes
US Statehood Scramble
Published
Trending Quizzes
Colored Red Europe Blitz I
Colored Red Europe Blitz II
Colored Red Africa Blitz II
Colored Red Africa Blitz III
Colored Red Europe Blitz III
Recently Updated
Godzilla Movies
pecheneg
Grab Bag: 4-10 Letters
pecheneg
2024 March Madness Bracket
pecheneg
Famous TV Couples
Peacemaker
Champions League XIs: Real Madrid
pecheneg
Largest US Cities 1790-2010
pecheneg
Rides in Walt Disney World
pecheneg
Most Oscar Losses (Acting)
pecheneg
Beyoncé Albums
pecheneg
Leaping Animals
pecheneg
Trending Topics
Disney
Crossword
Kpop
Marvel
Anime
NBA
Harry Potter
Pokémon
WWE
Soccer
The Office
NFL
Puzzle
Country
Song
Your Account Isn't Verified!
In order to create a playlist on Sporcle, you need to verify the email address you used during registration. Go to your
Sporcle Settings
to finish the process.
Report this User
Report this user for behavior that violates our
Community Guidelines
.
Details:
Send Report
Go to the Sporcle.com Mobile Site →
Comments